ბათუმის შოთა რუსთაველის სახელმწიფო უნივერსიტეტის ბიბლიოთეკა

ყინულის განძი : რომანი (ბიბ.ჩანაწერი № 50220)

000 -LEADER
fixed length control field 00691nam a2200217Ia 4500
001 - CONTROL NUMBER
control field 17158
003 - CONTROL NUMBER IDENTIFIER
control field GE_BSU
008 - FIXED-LENGTH DATA ELEMENTS--GENERAL INFORMATION
fixed length control field 181216s||||||||xx |||||||||||||| ||und||
040 ## - CATALOGING SOURCE
Transcribing agency GE_BSU
080 ## - UNIVERSAL DECIMAL CLASSIFICATION NUMBER
Universal Decimal Classification number 821.161.1-31
100 ## - MAIN ENTRY--PERSONAL NAME
Personal name სარტაკოვი, სერგეი
245 ## - TITLE STATEMENT
Title ყინულის განძი : რომანი
245 ## - TITLE STATEMENT
Statement of responsibility, etc. [თარგმანი ნ. ხუნდაძისა. რედ. ნ. მაძაღუი
260 ## - PUBLICATION, DISTRIBUTION, ETC.
Place of publication, distribution, etc. თბილისი
260 ## - PUBLICATION, DISTRIBUTION, ETC.
Name of publisher, distributor, etc. მერანი
260 ## - PUBLICATION, DISTRIBUTION, ETC.
Date of publication, distribution, etc. 1973
300 ## - PHYSICAL DESCRIPTION
Extent 497გვ. ; 20სმ.
653 ## - INDEX TERM--UNCONTROLLED
Uncontrolled term რომანი
653 ## - INDEX TERM--UNCONTROLLED
Uncontrolled term ყინულის განძი
942 ## - ADDED ENTRY ELEMENTS (KOHA)
Koha item type წიგნი
ეგზემპლარები
Withdrawn status Lost status Damaged status Not for loan Date acquired Barcode Date last seen Price effective from Koha item type
        2018-12-17 21519 2018-12-17 2018-12-17 წიგნი
        2018-12-17 21520 2018-12-17 2018-12-17 წიგნი
        2018-12-17 21521 2018-12-17 2018-12-17 წიგნი